| 000 | 00866nam a22002532 4500 | ||
|---|---|---|---|
| 001 | 0000019044 | ||
| 005 | 20151217152144.0 | ||
| 008 | 100902s xx 000 0 eng d | ||
| 020 | _a0205798551 : | ||
| 040 |
_aKABU _cKABU |
||
| 100 | 1 |
_aNye, Joseph S. _@0000178606 |
|
| 245 | 1 | 0 |
_aUnderstanding global conflict and cooperation : _ban itroduction to theory and history / _cJoseph S. Nye, David A. Welch. |
| 250 | _a8th ed. | ||
| 260 |
_aBoston : _bLongman, _c2011. |
||
| 300 | _axiv, 338 p. | ||
| 650 | 0 |
_aInternational relations. _@0000158257 |
|
| 650 | 0 |
_aWar (International law) _@0000178607 |
|
| 650 | 0 |
_aWorld politics _y20th century. _@0000178608 |
|
| 650 | 0 |
_aWorld politics _y21st century. _@0000178609 |
|
| 700 | 1 |
_aWelch, David A. _@0000178610 |
|
| 852 | 1 | _9p2600 KES | |
| 908 | _a100902 | ||
| 950 | _@1 | ||
| 999 |
_c8785 _d8785 |
||